LDR 01203naa#a2200193#i#450# 001 RU\\bibl\116961 005 20260429222649.3 011 ## _a1994-4683 100 ## _a20260429b2026####ek#y0rusy0150####ca 102 ## _aRU 200 1# _aВлияние уровня развития координационных способностей на выполнение «динамических элементов с вращением на прыжках» в художественной гимнастике _eЖурнальная статья 210 1# _aМосква _cНациональный государственный Университет физической культуры, спорта и здоровья им. П.Ф. Лесгафта _d2026 215 ## _a6 с. 608 ## _aЖурнальная статья _2local 675 ## _aс гимнастическими снарядами, например с обручами, палками, скакалками. 796.412.24 _z 700 #1 _aСемибратова _gИрина Сергеевна 700 #1 _aВласова _gЯнина Александровна 700 #1 _aТкачук _gАрина Вячеславовна 856 4# _auchzapiski.lesgaft.spb.ru _u